000
00318nam a2200109Ia 4500
008
171211s9999 xx 000 0 und d
245
_a
Economic Depressions: Their Cause and Cure (LvMI)
245
_c
Murray N. Rothbard
260
_c
2011
650
_x
ECONOMICS
856
_u
http://down.ebook777.com/063/1933550503.pdf
999
_c
349575
_d
349575